00427nam a2200181Ia 4500003000400000005001700004006001900021007000300040008004100043024001000084037001200094040002000106041001300126082001500139100003000154245005200184260000900236OSt20220928144111.0a|||||r|||| 00| 0 ta220927b |||||||| |||| 00| 0 eng d a24307 cTextual aSDCLcSDCLbeng 2engaeng aQ1:494, N9 aKolhatkar Madhavi Bhaskar 0aSurab The liquor and the vedic sacrifice.  c1999